|
|
|
|
| LEADER |
00000nas a2200000 a 4500 |
| 001 |
ssj0000493219 |
| 003 |
WaSeSS |
| 005 |
20200512172242.0 |
| 006 |
m d |
| 007 |
cr n |
| 008 |
110323c20109999nz ar p s 0 0eng c |
| 010 |
|
|
|a 2011243485
|
| 016 |
7 |
|
|a 101562700
|2 DNLM
|
| 022 |
|
|
|a 1179-7258
|l 1179-7258
|
| 035 |
|
|
|a (WaSeSS)ssj0000493219
|
| 040 |
|
|
|a HUA
|b eng
|c HUA
|d FQM
|d NLM
|d OCLCQ
|d TXA
|d OCLCF
|d CUS
|d EUW
|d OCLCQ
|d CASUM
|d OCLCQ
|d OCLCA
|d WT2
|d OCLCO
|d OCLCA
|d OCLCQ
|d AU@
|d OCLCA
|d OCLCQ
|d CNMTR
|d OCLCQ
|d WaSeSS
|
| 042 |
|
|
|a pcc
|
| 050 |
|
4 |
|a R735.A1
|b A38
|
| 060 |
1 |
0 |
|a W1
|
| 082 |
0 |
4 |
|a 610.71
|b A24
|
| 245 |
0 |
0 |
|a Advances in medical education and practice
|h [electronic resource].
|
| 246 |
1 |
|
|a Adv. medical educ. pract
|
| 246 |
1 |
|
|a Medical education and practice
|
| 310 |
|
|
|a Annual
|
| 506 |
|
|
|a License restrictions may limit access.
|
| 515 |
|
|
|a Articles added consectively to current annual volume.
|
| 588 |
0 |
|
|a Vol. 1 (2010); title from PDF article running title (DovePress, viewed Nov 22, 2010).
|
| 588 |
1 |
|
|a Vol. 4 (2013) (DovePress, viewed July 29, 2013).
|
| 650 |
|
0 |
|a Medical education
|v Periodicals.
|
| 650 |
|
0 |
|a Medical care
|v Periodicals.
|
| 650 |
|
7 |
|a Medical care.
|2 fast
|0 (OCoLC)fst01013753
|
| 650 |
|
7 |
|a Medical education.
|2 fast
|0 (OCoLC)fst01014024
|
| 650 |
1 |
2 |
|a Education, Medical.
|
| 655 |
|
0 |
|a Electronic journals.
|
| 856 |
4 |
0 |
|z Full text available from Research Library: 01/01/2010 to present
|u https://search.proquest.com/publication/3933208
|